000 00740nam a2200193Ia 4500
999 _c53613
_d53613
003 GCL
005 20240530105144.0
008 140319s9999 xx 000 0 ara d
040 _aGCL /
_cGCL
082 0 4 _a251
_bع ا
100 1 _aعبدالفتاح حسيني الشيخ
245 1 0 _aالاكراه واثره فى الاحكام الشريعة: دراسة مقارنة قاعة على الاستقصاء للفروعع العقائدية والفقهية /
_cعبدالفتاح حسينى الشيخ
260 _a[S.N] :
_bمكتبة التراث الاسلامى ،
_c1992
300 _a254
650 0 4 _aالاسلام
650 0 4 _aالاحكام الشرعية
650 0 4 _aالفقه الاسلامى
942 _2ddc
_cBK